Statistics for Countries By Similar Name

Click here to take the quiz!

General Stats

  • This quiz has been taken 37 times
  • The average score is 8 of 9

Answer Stats

CountryCountry% Correct
IraqIran
100%
UruguayParaguay
100%
AustriaAustralia
97%
SlovakiaSlovenia
97%
DominicaDominican Republic
94%
MauritaniaMauritius
85%
ZambiaThe Gambia
76%
TurkeyTurkmenistan
76%
RwandaUganda
70%

Score Distribution

Percentile by Number Answered

Percent of People with Each Score

Your Score History

You have not taken this quiz